Mothers, fathers and children: (Record no. 57343)

MARC details
000 -LEADER
fixed length control field 00748nam a22002057a 4500
005 - DATE AND TIME OF LATEST TRANSACTION
control field 20111007105632.0
010 ## - LCCN (DPL NO)
LC control number G-001672
020 ## - INTERNATIONAL STANDARD BOOK NUMBER
International Standard Book Number 8186953361
035 1d - SYSTEM CONTROL NUMBER
System control number G-001672
037 ## - SOURCE OF ACQUISITION
Source of stock number/acquisition Gift
082 ## - DEWEY DECIMAL CLASSIFICATION NUMBER
Classification number 155.418
100 ## - MAIN ENTRY--PERSONAL NAME
Personal name Furutan, A.
245 E# - TITLE STATEMENT
Title Mothers, fathers and children:
Statement of responsibility, etc by A. Furutan
Remainder of title practical advice to parents /
260 ## - PUBLICATION, DISTRIBUTION, ETC. (IMPRINT)
Place of publication, distribution, etc New Delhi
Name of publisher, distributor, etc Baha'i Publishing Trust
Date of publication, distribution, etc 2009(repr.).
300 ## - PHYSICAL DESCRIPTION
Extent 232p.
Dimensions 22cm(pbk)
500 ## - GENERAL NOTE
General note Includes bibliographical references
942 ## - ADDED ENTRY ELEMENTS (KOHA)
Source of classification or shelving scheme Dewey Decimal Classification
Item type English Books
Classification part 155.418
Call number suffix FUR
Holdings
Withdrawn status Lost status Not for loan Collection code Home library Current library Date acquired Source of acquisition Full call number Barcode Copy number Koha item type
      Non-fiction Janak Puri Janak Puri 07/10/2011 gift 155.418 FUR G-001672 1 English Books

© Delhi Public Library
Hit Counter
free hit counter